Normal view
MARC view
- العقود (فقه إسلامي) -- القانون المدني -- العراق -- القانون المدني -- الأردن -- القانون المدني -- الكويت
Entry Topical Term
001 - CONTROL NUMBER
- control field: 20680
003 - CONTROL NUMBER IDENTIFIER
- control field: JO-AjAnu
005 - DATE AND TIME OF LATEST TRANSACTION
- control field: 20230606073608.0
008 - FIXED-LENGTH DATA ELEMENTS
- fixed length control field: 230606|| aca||aabn | a|a d
040 ## - CATALOGING SOURCE
- Original cataloging agency: JO-AjAnu
- Transcribing agency: JO-AjAnu
150 ## - HEADING--TOPICAL TERM
- Topical term or geographic name entry element: العقود (فقه إسلامي) -- القانون المدني -- العراق -- القانون المدني -- الأردن -- القانون المدني -- الكويت
670 ## - SOURCE DATA FOUND
- Source citation: Work cat.: (JO-AjAnu)10622: الناهي ، صلاح الدين عبد اللطيف , author 20679, الوجيز الوافي في القوانين المرعية في الجمهورية العراقية والمملكة الاردنية الهاشمية والكويت